| 000 | 00477nam a2200157 i 4500 | ||
|---|---|---|---|
| 001 | 35302 | ||
| 003 | ES-MaACL | ||
| 005 | 20230906155112.0 | ||
| 007 | t| | ||
| 008 | 030212s1925 it ||||1| ita d | ||
| 100 | 1 |
_aBorrino, Ferdinand. _930608 |
|
| 245 | 1 | 3 |
_aLa filatura della lana cardata e pettinata _b: preparazione francese & inglese / _cFerdinand Borrino. |
| 260 |
_aMilano : _b[S. Allegretti], _c1925. |
||
| 300 |
_aXXII, 772 p. ; _c16 cm. |
||
| 852 |
_aES-MaACL _jF-4350 |
||
| 999 |
_c35302 _d35302 |
||